Tiere Asiens mit einem Hinweis - Statistiken

Allgemein
  • Dieses Quiz wurde 47 mal gespielt
  • Das Durchschnittsergebnis liegt bei 10 aus 19
Antwortstatistiken
Hinweis Antwort % Korrekt
Größte Katzenart der Welt Tiger
95%
Frisst bis zu vierzehn Kilogramm Bambus am Tag Großer Panda
92%
Zweitgrößtes Landtier der Welt Asiatischer Elefant
85%
Bekanntestes Tier, dessen Name mit dem Buchstaben Y beginnt Yak
79%
Größter Primat des Kontinents Borneo-Orang-Utan
77%
Größte Echse der Welt, die nur auf einigen kleinen indonesischen Inseln vorkommt Komodowaran
69%
Im Hochgebirge lebendes Raubtier, das bis zu 10 Meter weit springen kann Schneeleopard
67%
Dargestellt auf dem Holzschnitt "Rhinocerus" von Albrecht Dürer Panzernashorn
64%
Primat, dessen Männchen eine gurkenförmige Nase besitzen Nasenaffe
59%
Zweihöckriges Last- und Nutztier Trampeltier
56%
Größte Giftschlange der Welt Königskobra
54%
Schwarz-weißer Unpaarhufer mit Rüssel und einziger eurasischer Vertreter seiner Gattung Schabrackentapir
51%
Indische Krokodilart mit langer, schmaler Schnauze Gangesgavial
31%
Stark gefährdete Unterart des Leoparden im russisch-chinesischem Grenzgebiet Amurleopard
23%
Am nördlichsten lebender Primat, der bekannt dafür ist, in heißen Quellen zu baden Japanmakak
23%
Stark gefährdete Steppenantilope mit rüsselartiger Nase Saigaantilope
23%
Mit dem Spießbock verwandte, gefährdete Antilope mit sehr langen Hörnern Arabische Oryx
18%
Kleiner Halbaffe, dessen Augen größer als das Gehirn sind Zwergkoboldmaki
18%
Tukanähnlicher, großer Vogel mit gelbem Schnabel, Wappentier der indischen Bundesstaaten Arunachal Pradesh und Kerala Doppelhornvogel
3%
Keine übereinstimmenden Quizze gefunden
Verteilung der Resultate
Anzahl Personen mit jedem Resultat
Perzentil nach korrekt beantworteten Fragen
Ihre Resultats-Entwicklung
Sie haben dieses Quiz noch nicht gespielt